English to French - Geography vocabulary - Statistics

General Stats
  • This quiz has been taken 68 times
  • The average score is 29 of 96
Answer Stats
Hint Answer % Correct
Sea Mer
98%
Coast Côte
80%
Ocean Océan
74%
Archipelago Archipel
69%
Island Île
69%
Dune Dune
67%
Lake Lac
64%
Beach Plage
64%
Desert Désert
62%
Bay Baie
61%
Mountain Montagne
61%
Peninsula Péninsule
61%
Massif Massif
59%
Volcano Volcan
59%
Canyon Canyon
57%
Forest Forêt
57%
Plateau Plateau
57%
Glacier Glacier
56%
Torrent Torrent
56%
Jungle Jungle
54%
Estuary Estuaire
52%
Oasis Oasis
52%
Wood Bois
51%
Valley Vallée
49%
Cape Cap
48%
Ravin Ravin
48%
Waterfall Cascade
46%
Delta Delta
46%
Gorge Gorge
46%
Cirque Cirque
44%
Fjord Fjord
44%
Taiga Taïga
44%
River Fleuve
43%
Hill Colline
41%
Field Champ
39%
Gulf Golfe
39%
Plain Plaine
39%
Maquis Maquis
38%
Garigue Garrigue
36%
Cave Grotte
36%
Mangrove Mangrove
36%
Steppe Steppe
36%
Crater Cratère
34%
Cliff Falaise
33%
Savannah Savane
31%
Bocage Bocage
30%
Moutain chain Chaîne montagneuse
30%
Terrace Terrasse
30%
Mesa Mesa
28%
Combe Combe
26%
Caldera Caldeira
25%
Moraine Moraine
25%
Cenote Cénote
23%
Rainforest Forêt tropicale
23%
Tundra Toundra
21%
Natural arch Arche naturelle
20%
Presque-isle Presqu'île
20%
Tombolo Tombolo
20%
Isthmus Isthme
16%
Swamp Marais
16%
Pingo Pingo
16%
Spring Source
16%
Temperate forest Forêt tempérée
15%
Strait Détroit
13%
Quicksand Sables mouvants
13%
Bush Bush
11%
Grassland Prairie
11%
Meadow Pré
11%
Reef Récif
11%
Coral reef Récif corallien
11%
Pond Mare
10%
Confluence Confluent
8%
Palsa Palse
8%
Quarry Carrière
7%
Kelp forest Fôret de Kelp
7%
Cove Crique
5%
Moor Lande
5%
Ice floe Banquise
3%
Seaboard Littoral
3%
Badland Badland
2%
Ice cap Calotte glacière
2%
Tarn Étang
2%
Trench Fosse
2%
Glen Vallon
2%
Shoal Banc de sable
0%
Hillock Butte
0%
Rocky inlet Calanque
0%
Rocky inlet Calanque
0%
Hoodoo Cheminée de fée
0%
Sinkhole Doline
0%
Oceanic ridge Dorsale
0%
Scree Éboulis
0%
Shrubland Fruticée
0%
Chasm Gouffre
0%
Salt marsh Schorre
0%
Wetland Zone humide
0%
No matching quizzes found
Score Distribution
Percent of People with Each Score
Percentile by Number Answered
Your Score History
You have not taken this quiz